Zařazování nových pracovníků do organizace - metodika adaptačního programu

Pracovná adaptácia nových pracovníkov v organizácii. Faktory ovplyvňujúce proces adaptácie - subjektívne a objektívne faktory. Metodika adaptačného programu. Osoby zasahujúce do procesu adaptácie. Problémy adaptačného procesu.

Saved in:
Bibliographic Details
Main Author: Vybíralová, Lenka
Other Authors: Rymeš, Milan
Format: Book Chapter
Language:Czech
Subjects:
Tags: Add Tag
No Tags, Be the first to tag this record!

MARC

LEADER 00000naa$a2200000$$$4500
001 0111919
005 20231129104042.4
041 0 |a cze 
044 |a CZ 
245 1 0 |a Zařazování nových pracovníků do organizace - metodika adaptačního programu  |c Lenka Vybíralová, Milan Rymeš 
520 |a Pracovná adaptácia nových pracovníkov v organizácii. Faktory ovplyvňujúce proces adaptácie - subjektívne a objektívne faktory. Metodika adaptačného programu. Osoby zasahujúce do procesu adaptácie. Problémy adaptačného procesu. 
610 2 0 |a pracovníci noví 
610 2 0 |a adaptácia 
610 2 0 |a programy 
610 2 0 |a metodika 
100 1 |a Vybíralová, Lenka 
700 1 |a Rymeš, Milan